000 00931nam a2200313 a 4500
001 000113380
003 CHAP
005 20220329144351.0
008 170614s2013 mx a |r| ||1|||spa d
010 _a109841
011 _a110813
020 _a9786071508492
040 _cCHAP
082 0 4 _a547
_bR29 2013
100 1 _aRecio del Bosque, Francisco Higinio
_995003
245 1 0 _aQuímica orgánica /
_cpor Francisco Higinio Recio del Bosque.
250 _a4 ed.
260 _aMéxico, D.F. :
_bMcGraw-Hill Interamericana,
_c2013.
300 _axiii, 220 p. :
_bil.
590 _aE11695DGD
_b10
_c20170616
_lUCH01
_h1144
590 _aE5765TAJ
_b05
_c20170614
_lUCH01
_h0933
590 _aE5765TAJ
_b05
_c20170918
_lUCH01
_h1113
590 _aE5765TAJ
_b05
_c20170918
_lUCH01
_h1443
590 _aE5765TAJ
_b05
_c20170919
_lUCH01
_h0751
650 1 4 _aQuímica orgánica.
_993598
901 _aBK
942 _cLIBRO
942 _n0
999 _c109841
_d109841